| 000 | 00384nam a2200133Ia 4500 | ||
|---|---|---|---|
| 005 | 20251222152608.0 | ||
| 008 | 251222s9999||||xx |||||||||||||| ||spa|| | ||
| 082 | _a262.91/U61 | ||
| 100 | _aPastoral Universitaria UCSS | ||
| 245 | 0 | _aConstitución Apostólica del Sumo Pontífice Juan Pablo II sobre las Universidades Católicas | |
| 250 | _a1ra.ed. | ||
| 264 | _bUCSS | ||
| 942 | _cLIB | ||
| 999 |
_c26873 _d26873 |
||